Model aircraft : Aerodynamics

Bibliographic Details
Main Author: Simons, Martin
Format: Book
Published: Hertfordshire : Argus Books , 1993
Subjects:

MARC

LEADER 00000cam a2200000 7i4500
001 0000001752
002 000001908
005 20000330.0
020 |a 0852429150 
090 0 0 |a 629.1323   |b SIM 
100 1 |a Simons, Martin 
245 1 0 |a Model aircraft :   |b Aerodynamics   |c Martin Simons 
260 |a Hertfordshire :   |b Argus Books ,   |c 1993 
300 |a 318p. :   |b ill ;   |c 21cm. 
650 0 0 |a Airplanes   |x Aerodynamics 
650 0 0 |a Jet transports 
999 |a 034868   |b BUKU   |c PINJAMAN   |e PERPUSTAKAAN KOMUNITI PETALING JAYA 
999 |a 034869   |b BUKU   |c PINJAMAN   |e PERPUSTAKAAN KOMUNITI PETALING JAYA